|
|
|
|
| LEADER |
01286nam a2200397 4500 |
| 001 |
000007875 |
| 003 |
4045 |
| 005 |
20121009091030.0 |
| 008 |
111012s2004 viesd |
| 020 |
|
|
|c 11500đ
|
| 041 |
0 |
|
|a vie
|
| 082 |
|
|
|a 372.62
|b NG-K
|
| 100 |
0 |
|
|a Nguyễn Xuân Khoa
|
| 245 |
1 |
0 |
|a Tiếng Việt
|b Giáo trình đào tạo giáo viên mầm non
|c Nguyễn Xuân Khoa
|n Tập 1
|
| 250 |
|
|
|a tái bản lần thứ 3
|
| 260 |
|
|
|a H.
|b Đại học Sư phạm
|c 2004
|
| 300 |
|
|
|a 143 tr.
|c 21 cm
|
| 504 |
|
|
|a Thư mục tr: 142-143
|
| 653 |
|
|
|a Tiếng Việt
|
| 653 |
|
|
|a Giáo trình
|
| 653 |
|
|
|a Đào tạo
|
| 653 |
|
|
|a Giáo viên
|
| 653 |
|
|
|a Mầm non
|
| 700 |
|
|
|a Nguyễn Xuân Khoa
|e Tác giả
|
| 773 |
|
|
|t Tiếng Việt
|w 4043
|
| 910 |
|
|
|a Lê Thị Hoài Thanh
|d 12/10/2011
|
| OWN |
|
|
|a LSP
|
| AVA |
|
|
|a UDN50
|b LSP
|d 372.62 NG-K
|e check_holdings
|t Error 5003 Not defined in file expand_doc_bib_avail.
|h N
|k 1
|
| 999 |
|
|
|a From the UDN01
|
| AVA |
|
|
|a UDN50
|b LSP
|d 372.62 NG-K
|e available
|t Error 5001 Not defined in file expand_doc_bib_avail.
|f 96
|g 0
|h N
|i 6
|k 1
|
| TYP |
|
|
|a Monograph
|
| TYP |
|
|
|a Printed language
|
| 980 |
|
|
|a Mạng thư viện Đại học Đà Nẵng
|